000 00864cam a22002293a 4500
001 17918
003 PGUSA
005 20140828083400.0
008 060304s2006||||xxu|||||s|||||000 | eng d
040 _aPGUSA
_beng
042 _adc
050 4 _aD501
245 1 0 _aOne Young Man :
_bThe simple and true story of a clerk who enlisted in 1914, who fought on the western front for nearly two years, was severely wounded at the battle of the Somme, and is now on his way back to his desk.
_h[electronic resource]
260 _bProject Gutenberg,
_c2006
506 _aPublic domain in the USA.
516 _aElectronic text
653 _aWorld War, 1914-1918 -- Personal narratives, British
700 1 _aHodder-Williams, J. E.
_q(John Ernest),
_d1876-1927
830 0 _aProject Gutenberg
_v17918
856 4 0 _uhttp://www.gutenberg.org/ebooks/17918
942 _cEB
999 _c247173
_d247173